01166nam a2200301 a 4500001001100000003000800011006001900019007001500038008004100053010001700094020004000111040002100151035002100172050002400193082001200217100002300229245010600252260003900358300001600397504006800413533015200481650001900633650002600652655002900678710001700707856012500724999001500849ebr5007312CaPaEBRm u cr cn|||||||||960816s1997 ctu sb 001 0 eng  z 96041392  z0275957586 (hardcover : alk. paper) aCaPaEBRcCaPaEBR a(OCoLC)17913312314aB831.2b.K73 1997eb04a1492201 aKramer, Eric Mark.10aModern/postmodernh[electronic resource] :boff the beaten path of antimodernism /cEric Mark Kramer. aWestport, Conn. :bPraeger,c1997. axxv, 222 p. aIncludes bibliographical references (p. [193]-203) and indexes. aElectronic reproduction.bPalo Alto, Calif. :cebrary,d2013.nAvailable via World Wide Web.nAccess may be limited to ebrary affiliated libraries. 0aPostmodernism. 0aCivilization, Modern. 7aElectronic books.2local2 aebrary, Inc.40uhttp://site.ebrary.com/lib/rucke/Doc?id=5007312zAn electronic book accessible through the World Wide Web; click to view c6714d6714